| 000 | 00729nam a2200217 i 4500 | ||
|---|---|---|---|
| 001 | 93056 | ||
| 003 | ES-MaACL | ||
| 005 | 20250901090025.0 | ||
| 007 | t| | ||
| 008 | 050407s1957 sp ||||1| spa d | ||
| 100 | 1 |
_aLodge, Thomas. _973075 |
|
| 245 | 1 | 0 |
_aProgresos recientes en radiología... / _cThomas Lodge; [traducción directa del inglés por J. Mª Vilaseca y J. L. Infiesta]. |
| 250 | _a[1ª ed. española]. | ||
| 260 |
_aMadrid : _bAlhambra, _c1957. |
||
| 300 |
_aXII, 393 p. : _b1 lám., il. ; _c22 cm. |
||
| 650 | 7 |
_aRadiología _2embne _9140316 |
|
| 700 | 1 |
_aVilaseca, J. María. _9114836 |
|
| 700 | 1 |
_aInfiesta Molero, Juan L. de la. _965270 |
|
| 852 |
_aES-MaACL _jC-12170 _bR.40317 |
||
| 999 |
_c93056 _d93056 |
||